[Event "Spandau Christmas op 6th"]
[Site "Spandau"]
[Date "2023.12.29"]
[Round "5"]
[White "Daniel, Damian"]
[Black "Dahl, Christoph"]
[Result "0-1"]
[WhiteElo "2129"]
[BlackElo "2357"]
[PlyCount "130"]
[EventDate "2023.12.27"]
[EventType "swiss"]
[EventRounds "7"]
[EventCountry "GER"]
[SourceTitle "CB01_2024"]
[SourceDate "2024.01.03"]
[SourceVersion "1"]
[SourceVersionDate "2024.01.03"]
[SourceQuality "1"]

1. d4 Nf6 2. c4 e6 3. Nc3 Bb4 4. Nf3 d5 5. cxd5 exd5 6. Bg5 h6 7. Bxf6 Qxf6 8. Qb3 Qd6 9. e3 0-0 10. Bd3 c6 11. 0-0 Nd7 12. a3 Ba5 13. Qc2 Bc7 14. b4 a6 15. a4 Nf6 16. b5 Ng4 17. g3 Qf6 18. Kg2 Qe6 19. Rfe1 Nf6 20. bxc6 Qh3+ 21. Kg1 bxc6 22. e4 Ba5 23. Nd2 Rb8 24. Bf1 Qh5 25. Bg2 Bh3 26. Ra3 Bxg2 27. Kxg2 Qg6 28. f3 Nh5 29. Kh1 Rfe8 30. Ra2 Rb4 31. Nb3 Bc7 32. Rg1 Nf6 33. e5 Qxc2 34. Rxc2 Rxb3 35. exf6 Bb6 36. Rd1 gxf6 37. Kg2 Rb4 38. Rb1 a5 39. Rd1 Bxd4 40. Ne2 Rb2 41. Rxb2 Bxb2 42. Rd2 Be5 43. f4 Ba1 44. Kf3 f5 45. Rc2 d4 46. Nc1 Bc3 47. Kf2 Re3 48. Re2 Re6 49. Rxe6 fxe6 50. Ke2 Kf7 51. Kd3 e5 52. fxe5 Ke6 53. Kc4 Kxe5 54. Nd3+ Ke4 55. Nf4 Ke3 56. Nd3 Kf3 57. Ne5+ Kg2 58. Nf7 h5 59. Nd6 Kxh2 60. Nxf5 Kh3 61. Kd3 Kg4 62. Ng7 Ba1 63. Kd2 d3 64. Nxh5 Kxh5 65. Kxd3 Be5 0-1

[Event "POL-chT 2nd League"]
[Site "Jastrzebia Gora"]
[Date "2023.09.10"]
[Round "9.80"]
[White "Wieczorek, Mikolaj"]
[Black "Daniel, Damian"]
[Result "1/2-1/2"]
[WhiteElo "1903"]
[BlackElo "2114"]
[PlyCount "31"]
[EventDate "2023.09.02"]
[EventType "team-swiss"]
[EventRounds "9"]
[EventCountry "POL"]
[SourceTitle "EXT 2024"]
[Source "ChessBase"]
[SourceDate "2023.10.10"]
[SourceVersion "1"]
[SourceVersionDate "2023.10.10"]
[SourceQuality "1"]
[WhiteTeam "Wroclaw Srodmiescie"]
[BlackTeam "Zarow Goniec"]
[WhiteTeamCountry "POL"]
[BlackTeamCountry "POL"]

1. e4 c6 2. d4 d5 3. e5 c5 4. c3 cxd4 5. cxd4 Nc6 6. Nf3 Bg4 7. Be2 e6 8. 0-0 Bxf3 9. Bxf3 Nge7 10. Be3 Nf5 11. Nc3 Be7 12. Qd3 0-0 13. Nxd5 Bg5 14. Bxg5 Qxg5 15. Ne3 Nfxd4 16. Bxc6 1/2-1/2

[Event "POL-chT 2nd League"]
[Site "Jastrzebia Gora"]
[Date "2022.09.05"]
[Round "3.115"]
[White "Daniel, Damian"]
[Black "Babiarz, Arkadiusz"]
[Result "1-0"]
[WhiteElo "2163"]
[BlackElo "1938"]
[PlyCount "89"]
[EventDate "2022.09.03"]
[EventType "team-swiss"]
[EventRounds "9"]
[EventCountry "POL"]
[SourceTitle "CBM 210 Extra"]
[Source "ChessBase"]
[SourceDate "2022.11.30"]
[SourceVersion "1"]
[SourceVersionDate "2022.11.30"]
[SourceQuality "1"]
[WhiteTeam "Zarow Goniec"]
[BlackTeam "Rzeszow RzKSz"]
[WhiteTeamCountry "POL"]
[BlackTeamCountry "POL"]

1. d4 d5 2. c4 dxc4 3. Nf3 Nf6 4. e3 e6 5. Bxc4 a6 6. 0-0 b5 7. Be2 Bb7 8. a4 b4 9. Nbd2 Nbd7 10. Nb3 c5 11. Bd2 cxd4 12. Nfxd4 Be7 13. Rc1 Rc8 14. Rxc8 Qxc8 15. Qe1 Qa8 16. f3 a5 17. Qg3 0-0 18. Rc1 Nb6 19. Bb5 Rd8 20. e4 Ne8 21. Be3 Nd7 22. Nc6 Bxc6 23. Bxc6 Qa6 24. Bb5 Qa8 25. Qf2 Bf6 26. Bc6 Qb8 27. Nxa5 Ne5 28. Bb5 Nd3 29. Nc6 Nxf2 30. Nxb8 Bxb2 31. Rb1 Rxb8 32. Kxf2 Bc3 33. Bc5 Nc7 34. Bxb4 Bd4+ 35. Kf1 Nxb5 36. Bd2 h5 37. Rxb5 Rc8 38. Ke2 g6 39. a5 Rc6 40. Kd3 Bg1 41. Rb8+ Kg7 42. Bc3+ Kh6 43. h4 Rd6+ 44. Kc4 Rc6+ 45. Kb3 1-0

[Event "POL-chT 2nd League"]
[Site "Jastrzebia Gora"]
[Date "2022.09.03"]
[Round "1.8"]
[White "Daniel, Damian"]
[Black "Orzech, Dominik"]
[Result "1-0"]
[WhiteElo "2163"]
[BlackElo "2325"]
[PlyCount "20"]
[EventDate "2022.09.03"]
[EventType "team-swiss"]
[EventRounds "9"]
[EventCountry "POL"]
[SourceTitle "CBM 210 Extra"]
[Source "ChessBase"]
[SourceDate "2022.11.30"]
[SourceVersion "1"]
[SourceVersionDate "2022.11.30"]
[SourceQuality "1"]
[WhiteTeam "Zarow Goniec"]
[BlackTeam "Wroclaw Kopernik"]
[WhiteTeamCountry "POL"]
[BlackTeamCountry "POL"]

1. d4 d5 2. Nf3 Nf6 3. g3 g6 4. Bg2 Bg7 5. 0-0 0-0 6. b3 c6 7. Bb2 a5 8. Nbd2 a4 9. c4 Nbd7 10. Qc2 Nb6 1-0

[Event "Pardubice Czech op-E 33rd"]
[Site "Pardubice"]
[Date "2022.07.15"]
[Round "3.4"]
[White "Daniel, Damian"]
[Black "Kabelka, Ondrej"]
[Result "1/2-1/2"]
[WhiteElo "2172"]
[BlackElo "2014"]
[PlyCount "50"]
[EventDate "2022.07.14"]
[EventType "team-swiss"]
[EventRounds "7"]
[EventCountry "CZE"]
[SourceTitle "CBM 209 Extra"]
[Source "ChessBase"]
[SourceDate "2022.09.30"]
[SourceVersion "1"]
[SourceVersionDate "2022.09.30"]
[SourceQuality "1"]
[WhiteTeam "Kamikadze"]
[BlackTeam "Jicín Trachea"]
[WhiteTeamCountry "POL"]
[BlackTeamCountry "CZE"]

1. d4 Nf6 2. c4 c5 3. d5 e6 4. Nc3 exd5 5. cxd5 d6 6. e4 g6 7. h3 Bg7 8. Nf3 0-0 9. Bd3 b5 10. Bxb5 Nxe4 11. Nxe4 Qa5+ 12. Nfd2 Qxb5 13. Nxd6 Qa6 14. N2c4 Nd7 15. 0-0 Ne5 16. Nxc8 Raxc8 17. Nxe5 Bxe5 18. Bg5 Bxb2 19. Rb1 Bd4 20. Be7 Qxa2 21. d6 Rfd8 22. Rb7 Qd5 23. Qf3 Qe6 24. Bxd8 Rxd8 25. Rxa7 Rxd6 1/2-1/2

[Event "Titled Tuesday intern op 01st Feb-A"]
[Site "Chess.com INT"]
[Date "2022.02.01"]
[Round "8"]
[White "Bodnaruk, Anastasia"]
[Black "Daniel, Damian"]
[Result "1-0"]
[WhiteElo "2392"]
[BlackElo "2185"]
[PlyCount "125"]
[EventDate "2022.02.01"]
[EventType "swiss (blitz)"]
[EventRounds "11"]
[EventCountry "USA"]
[SourceTitle "CBM 206 Extra"]
[Source "ChessBase"]
[SourceDate "2022.03.31"]
[SourceVersion "1"]
[SourceVersionDate "2022.03.31"]
[SourceQuality "1"]

1. e4 c6 2. Nf3 d5 3. exd5 cxd5 4. Ne5 Nf6 5. d4 Nbd7 6. Bd3 e6 7. 0-0 Be7 8. Nd2 0-0 9. f4 Qc7 10. Re1 b6 11. g4 Nxe5 12. fxe5 Nd7 13. Nf3 f6 14. exf6 Nxf6 15. Ne5 Ne4 16. Rf1 Bb7 17. Bf4 Bd6 18. g5 Rf5 19. Qg4 Raf8 20. Rf3 Qc8 21. Raf1 Ba6 22. h4 Bb7 23. h5 Qe8 24. Rh3 Bc6 25. Rhf3 Bb5 26. c4 Bc6 27. cxd5 Bxd5 28. b3 Qa8 29. Re3 Rc8 30. g6 h6 31. Nf7 Bxf4 32. Rxf4 Rxf4 33. Qxf4 Nf6 34. Nxh6+ gxh6 35. Qxf6 Qb7 36. Rg3 Rc1+ 37. Bf1 Qg7 38. Qxg7+ Kxg7 39. Kf2 Be4 40. Re3 Bf5 41. Bd3 Bxd3 42. Rxd3 Rc2+ 43. Kg3 Rxa2 44. Re3 Rb2 45. Rxe6 Rxb3+ 46. Kf4 Rb5 47. Re7+ Kf6 48. Rf7+ Ke6 49. Rxa7 Rxh5 50. Rb7 Rh4+ 51. Ke3 Rh3+ 52. Ke4 Rh4+ 53. Kd3 Rh3+ 54. Kc4 Rg3 55. Rxb6+ Kd7 56. d5 h5 57. Kc5 Rc3+ 58. Kd4 Rg3 59. g7 h4 60. Rb8 Rg4+ 61. Kc5 Rxg7 62. Rb7+ Kd8 63. Rxg7 1-0

[Event "Titled Tuesday intern op 01st Feb-A"]
[Site "Chess.com INT"]
[Date "2022.02.01"]
[Round "7"]
[White "Daniel, Damian"]
[Black "Janaszak, Dawid"]
[Result "0-1"]
[WhiteElo "2185"]
[BlackElo "2333"]
[PlyCount "66"]
[EventDate "2022.02.01"]
[EventType "swiss (blitz)"]
[EventRounds "11"]
[EventCountry "USA"]
[SourceTitle "CBM 206 Extra"]
[Source "ChessBase"]
[SourceDate "2022.03.31"]
[SourceVersion "1"]
[SourceVersionDate "2022.03.31"]
[SourceQuality "1"]

1. d4 Nf6 2. Nf3 g6 3. g3 Bg7 4. Bg2 0-0 5. 0-0 d5 6. b3 a5 7. Bb2 a4 8. c4 c6 9. Nbd2 Qa5 10. Qc2 Bf5 11. Qc3 Qa6 12. Rad1 Nbd7 13. Rfe1 b5 14. c5 Ne4 15. Nxe4 Bxe4 16. Ng5 Bxg2 17. Kxg2 e5 18. e3 h6 19. Nf3 e4 20. Nd2 f5 21. Bc1 axb3 22. axb3 Qa5 23. Bb2 Qc7 24. Ra1 g5 25. Rxa8 Rxa8 26. Ra1 Rf8 27. Qa5 Qc8 28. Qa6 Nxc5 29. Qb6 Nd3 30. Ba3 Rf7 31. Bc5 f4 32. exf4 gxf4 33. h3 fxg3 0-1

[Event "Titled Tuesday intern op 01st Feb-A"]
[Site "Chess.com INT"]
[Date "2022.02.01"]
[Round "9"]
[White "Daniel, Damian"]
[Black "Roman, Rodrigo"]
[Result "1-0"]
[WhiteElo "2185"]
[BlackElo "2078"]
[PlyCount "153"]
[EventDate "2022.02.01"]
[EventType "swiss (blitz)"]
[EventRounds "11"]
[EventCountry "USA"]
[SourceTitle "CBM 206 Extra"]
[Source "ChessBase"]
[SourceDate "2022.03.31"]
[SourceVersion "1"]
[SourceVersionDate "2022.03.31"]
[SourceQuality "1"]

1. d4 Nf6 2. c4 e6 3. Nc3 Bb4 4. Qc2 c5 5. dxc5 Bxc5 6. Nf3 0-0 7. g3 Nc6 8. Bg2 d5 9. cxd5 Nxd5 10. 0-0 Nxc3 11. Qxc3 Be7 12. Be3 Bf6 13. Qb3 Qd5 14. Qxd5 exd5 15. Rad1 Be6 16. b3 Rfd8 17. Nd4 a6 18. Rd2 Rac8 19. Rfd1 Ne5 20. Nxe6 fxe6 21. Bb6 Rd6 22. Bd4 Nc6 23. Bc5 Rd7 24. e3 Kf7 25. Bb6 Nb4 26. e4 d4 27. Bxd4 Rcd8 28. Be3 Rxd2 29. Rxd2 Rxd2 30. Bxd2 Nxa2 31. e5 Bxe5 32. Bxb7 Bd6 33. Bxa6 Nb4 34. Bc4 h6 35. Kf1 Ke7 36. Ke2 Nc6 37. f4 Bc5 38. Kd3 Kd6 39. Ke4 Nb4 40. Bc3 g6 41. Bg7 h5 42. Be5+ Ke7 43. Bd4 Bd6 44. Be5 Bc5 45. h3 Nc6 46. Bc3 Nb4 47. g4 hxg4 48. hxg4 Nc6 49. g5 Nb4 50. Kf3 Nc6 51. Bd3 Kf7 52. Ke4 Ke7 53. Bc4 Nb4 54. Bd2 Nc6 55. Kd3 Nb4+ 56. Ke4 Nc6 57. Bb5 Nd4 58. Ba4 Nc2 59. Kd3 Nd4 60. b4 Bb6 61. Be3 Bc7 62. Kxd4 Kd6 63. Ke4 Bd8 64. Bc5+ Kc7 65. Bb3 Kd7 66. Bc2 Bc7 67. Kf3 e5 68. fxe5 Bxe5 69. Bxg6 Bg7 70. Bf5+ Kc6 71. Ke4 Bc3 72. g6 Kc7 73. Be6 Kd8 74. Bc4 Ke8 75. b5 Bg7 76. Bd4 Kd7 77. Bxg7 1-0

[Event "Titled Tuesday intern op 01st Feb-A"]
[Site "Chess.com INT"]
[Date "2022.02.01"]
[Round "10"]
[White "Khamzin, Olzhas"]
[Black "Daniel, Damian"]
[Result "1-0"]
[WhiteElo "2301"]
[BlackElo "2185"]
[PlyCount "83"]
[EventDate "2022.02.01"]
[EventType "swiss (blitz)"]
[EventRounds "11"]
[EventCountry "USA"]
[SourceTitle "CBM 206 Extra"]
[Source "ChessBase"]
[SourceDate "2022.03.31"]
[SourceVersion "1"]
[SourceVersionDate "2022.03.31"]
[SourceQuality "1"]

1. d4 Nf6 2. Nc3 e6 3. Bg5 h6 4. Bh4 Be7 5. e4 d6 6. Bc4 0-0 7. Nge2 Nc6 8. Bb3 e5 9. f3 Qd7 10. Bf2 a6 11. Qd2 b5 12. Nd5 Nxd5 13. Bxd5 Bb7 14. dxe5 dxe5 15. Bxf7+ Rxf7 16. Qxd7 Bb4+ 17. Qd2 Bxd2+ 18. Kxd2 Rd8+ 19. Kc3 Rfd7 20. Be3 Kf7 21. b4 a5 22. a3 a4 23. Kb2 Nd4 24. Bxd4 exd4 25. Nf4 g5 26. Nd3 Re7 27. Rad1 Kg7 28. Rd2 g4 29. Nc5 Bc6 30. Rhd1 gxf3 31. gxf3 Rf8 32. Rd3 Kh7 33. Rg1 Ref7 34. Rg3 Be8 35. Kc1 Rf6 36. Kd2 Bh5 37. Ke2 Rf4 38. Kf2 R8f7 39. Kg2 Rf8 40. Ne6 R8f7 41. Nxf4 Rxf4 42. Rxd4 1-0

[Event "Bialystok Zamenhof Memorial 41st"]
[Site "Bialystok"]
[Date "2022.??.??"]
[Round "5"]
[White "Nasuta, Grzegorz"]
[Black "Daniel, Damian"]
[Result "1-0"]
[WhiteElo "2546"]
[BlackElo "2169"]
[PlyCount "73"]
[EventDate "2022.12.27"]
[EventType "swiss"]
[EventRounds "9"]
[EventCountry "POL"]
[SourceTitle "CBM 211 Extra"]
[Source "ChessBase"]
[SourceDate "2023.01.31"]
[SourceVersion "1"]
[SourceVersionDate "2023.01.31"]
[SourceQuality "1"]

1. e4 c5 2. Nf3 e6 3. g3 Nc6 4. Bg2 a6 5. 0-0 Qc7 6. c3 Nf6 7. Qe2 d6 8. d4 Be7 9. dxc5 dxc5 10. e5 Nd7 11. Bf4 h6 12. h4 b6 13. Nbd2 Bb7 14. a4 Rd8 15. Rfe1 0-0 16. Qe3 Rfe8 17. Nc4 Nf8 18. Bxh6 gxh6 19. Qxh6 Nh7 20. Re4 Kh8 21. Ng5 Bxg5 22. hxg5 Rg8 23. Rh4 Rg7 24. Be4 Nd4 25. cxd4 Bxe4 26. Rxe4 cxd4 27. Nd6 d3 28. Rc4 Qe7 29. Rd1 Qxg5 30. Qxg5 Nxg5 31. Rxd3 Kg8 32. f4 Nh7 33. Ne4 Rf8 34. Rc6 f6 35. Rxe6 fxe5 36. fxe5 Rg4 37. Re3 1-0

[Event "Bialystok Zamenhof Memorial 41st"]
[Site "Bialystok"]
[Date "2022.??.??"]
[Round "6"]
[White "Psyk, Radoslaw"]
[Black "Daniel, Damian"]
[Result "1-0"]
[WhiteElo "2438"]
[BlackElo "2169"]
[PlyCount "43"]
[EventDate "2022.12.27"]
[EventType "swiss"]
[EventRounds "9"]
[EventCountry "POL"]
[SourceTitle "CBM 211 Extra"]
[Source "ChessBase"]
[SourceDate "2023.01.31"]
[SourceVersion "1"]
[SourceVersionDate "2023.01.31"]
[SourceQuality "1"]

1. e4 c6 2. Nf3 d5 3. d3 g6 4. e5 Bg4 5. d4 Bg7 6. Nbd2 Nd7 7. h3 Bxf3 8. Nxf3 e6 9. Bd3 Ne7 10. c3 c5 11. 0-0 cxd4 12. cxd4 Nc6 13. Be3 Rc8 14. h4 h5 15. Ng5 Ne7 16. Qf3 Nf5 17. Bxf5 gxf5 18. Rac1 Nb8 19. Qg3 Rxc1 20. Rxc1 Qd7 21. Ne4 Kf8 22. Nf6 1-0

[Event "Titled Tuesday intern op 07th Dec"]
[Site "Chess.com INT"]
[Date "2021.12.07"]
[Round "4"]
[White "Enkhnar, Enkhbaatar"]
[Black "Daniel, Damian"]
[Result "0-1"]
[WhiteElo "2368"]
[BlackElo "2183"]
[PlyCount "70"]
[EventDate "2021.12.07"]
[EventType "swiss (blitz)"]
[EventRounds "11"]
[EventCountry "USA"]
[SourceTitle "CBM 205 Extra"]
[Source "ChessBase"]
[SourceDate "2022.01.31"]
[SourceVersion "1"]
[SourceVersionDate "2022.01.31"]
[SourceQuality "1"]

1. Nf3 c5 2. g3 Nc6 3. Bg2 g6 4. 0-0 Bg7 5. c4 d6 6. Nc3 e6 7. b3 Nge7 8. Bb2 0-0 9. e4 b6 10. Rb1 Bb7 11. Re1 Nd4 12. d3 Nxf3+ 13. Qxf3 Qd7 14. Nb5 Bxb2 15. Rxb2 Nc6 16. Qf6 a6 17. Nc3 Qd8 18. Qf4 e5 19. Qh6 Nd4 20. h4 f5 21. exf5 Bxg2 22. Kxg2 gxf5 23. Nd5 f4 24. gxf4 exf4 25. Rg1 Kh8 26. Kh1 Qd7 27. f3 Qh3+ 28. Rh2 Qxf3+ 29. Rhg2 Nf5 30. Qg5 Qh3+ 31. Rh2 Qf3+ 32. Rgg2 Ng3+ 33. Qxg3 fxg3 34. Rh3 Qf1+ 35. Rg1 Qxh3# 0-1

[Event "Titled Tuesday intern op 26th Oct"]
[Site "Chess.com INT"]
[Date "2021.10.26"]
[Round "4"]
[White "Daniel, Damian"]
[Black "Einarsson, Halldor Gretar"]
[Result "0-1"]
[WhiteElo "2179"]
[BlackElo "2227"]
[PlyCount "52"]
[EventDate "2021.10.26"]
[EventType "swiss (blitz)"]
[EventRounds "11"]
[EventCountry "USA"]
[SourceTitle "CBM 204 Extra"]
[Source "ChessBase"]
[SourceDate "2021.11.30"]
[SourceVersion "1"]
[SourceVersionDate "2021.11.30"]
[SourceQuality "1"]

1. d4 f5 2. Bg5 c5 3. d5 Qb6 4. Nf3 h6 5. Bd2 Nf6 6. Nc3 d6 7. Nh4 g5 8. Ng6 Rg8 9. Nxf8 Rxf8 10. Rb1 Nbd7 11. h4 Rg8 12. hxg5 hxg5 13. e4 f4 14. g3 fxg3 15. fxg3 Ne5 16. Be2 Bg4 17. Bxg4 Nexg4 18. Qf3 0-0-0 19. Qf5+ Kb8 20. Bxg5 c4 21. Nd1 Qd4 22. Bxf6 Nxf6 23. Nf2 Rxg3 24. Rd1 Qe3+ 25. Kf1 Rf3 26. Re1 Qxf2# 0-1

[Event "Titled Tuesday intern op 26th Oct"]
[Site "Chess.com INT"]
[Date "2021.10.26"]
[Round "6"]
[White "Daniel, Damian"]
[Black "Toncheva, Nadya"]
[Result "1/2-1/2"]
[WhiteElo "2179"]
[BlackElo "2247"]
[PlyCount "139"]
[EventDate "2021.10.26"]
[EventType "swiss (blitz)"]
[EventRounds "11"]
[EventCountry "USA"]
[SourceTitle "CBM 204 Extra"]
[Source "ChessBase"]
[SourceDate "2021.11.30"]
[SourceVersion "1"]
[SourceVersionDate "2021.11.30"]
[SourceQuality "1"]

1. d4 d5 2. c4 dxc4 3. Nc3 Nf6 4. Nf3 a6 5. a4 Nc6 6. e3 Na5 7. Nd2 Be6 8. Be2 g6 9. 0-0 Bg7 10. Ra3 0-0 11. Qc2 c6 12. Nce4 Nxe4 13. Nxe4 b5 14. Nc5 Bf5 15. e4 Bc8 16. Rd1 Qb6 17. Be3 Nb7 18. a5 Qc7 19. Nxb7 Bxb7 20. b3 cxb3 21. Qxb3 Rac8 22. Qb4 Qd6 23. Qb3 Rfd8 24. e5 Qd5 25. Rc1 Qxb3 26. Rxb3 c5 27. dxc5 Bxe5 28. f4 Bb8 29. Rbc3 Bc6 30. Kf2 Bc7 31. R3c2 f6 32. g4 Kf7 33. h4 e5 34. f5 gxf5 35. gxf5 Be4 36. Rb2 Bxf5 37. Bf3 e4 38. Bg2 Bxa5 39. Ra2 Bc7 40. Rxa6 Ra8 41. Rc6 Be5 42. Rb6 Ra2+ 43. Kf1 Rb2 44. c6 Rc8 45. c7 Rxc7 46. Rxc7+ Bxc7 47. Rb7 Rc2 48. Bf4 Ke6 49. Bxc7 b4 50. Bf4 Rb2 51. Rb6+ Ke7 52. Bd6+ Kf7 53. Rxb4 Rd2 54. Bf4 Ra2 55. Rb5 Bg6 56. h5 e3 57. hxg6+ hxg6 58. Bxe3 Ra1+ 59. Kf2 Ke6 60. Bd5+ Kd6 61. Bf3 f5 62. Rb6+ Ke5 63. Rxg6 Ra2+ 64. Be2 f4 65. Bc5 Ke4 66. Bd6 f3 67. Re6+ Kd5 68. Kxf3 Kxe6 69. Bc4+ Kxd6 70. Bxa2 1/2-1/2

[Event "Titled Tuesday intern op 26th Oct"]
[Site "Chess.com INT"]
[Date "2021.10.26"]
[Round "7"]
[White "Kohler, Aran"]
[Black "Daniel, Damian"]
[Result "0-1"]
[WhiteElo "2121"]
[BlackElo "2179"]
[PlyCount "72"]
[EventDate "2021.10.26"]
[EventType "swiss (blitz)"]
[EventRounds "11"]
[EventCountry "USA"]
[SourceTitle "CBM 204 Extra"]
[Source "ChessBase"]
[SourceDate "2021.11.30"]
[SourceVersion "1"]
[SourceVersionDate "2021.11.30"]
[SourceQuality "1"]

1. d4 Nf6 2. Nf3 e6 3. Bg5 b6 4. e3 Bb7 5. Nbd2 h6 6. Bh4 g5 7. Bg3 g4 8. Ne5 h5 9. h3 Rg8 10. hxg4 hxg4 11. Rh4 Be7 12. Nxg4 d6 13. Nxf6+ Bxf6 14. Rh7 Nd7 15. Qh5 Qe7 16. 0-0-0 Bg5 17. Rh8 0-0-0 18. Rxg8 Rxg8 19. Kb1 f5 20. Qe2 Nf6 21. f4 Bh6 22. Bh4 Qg7 23. Bxf6 Qxf6 24. Nf3 Qg6 25. a4 a5 26. c4 Bg7 27. Rc1 c5 28. d5 exd5 29. cxd5 Re8 30. Qb5 Kc7 31. Ng5 Bxd5 32. Bc4 Bc6 33. Qb3 Qf6 34. Ne6+ Kb7 35. Nxg7 Qxg7 36. Bd5 Qc7 0-1

[Event "POL-chT 2nd League"]
[Site "Sypniewo"]
[Date "2021.09.12"]
[Round "9.6"]
[White "Daniel, Damian"]
[Black "Smagalski, Slawomir"]
[Result "1-0"]
[WhiteElo "2165"]
[BlackElo "1939"]
[PlyCount "119"]
[EventDate "2021.09.04"]
[EventType "team-swiss"]
[EventRounds "9"]
[EventCountry "POL"]
[SourceTitle "CBM 204 Extra"]
[Source "ChessBase"]
[SourceDate "2021.11.30"]
[SourceVersion "1"]
[SourceVersionDate "2021.11.30"]
[SourceQuality "1"]
[WhiteTeam "Zarow Goniec"]
[BlackTeam "Konin Hetman"]
[WhiteTeamCountry "POL"]
[BlackTeamCountry "POL"]

1. d4 Nf6 2. Nf3 e6 3. g3 b6 4. Bg2 Bb7 5. 0-0 Be7 6. c4 0-0 7. Re1 Qc8 8. Nc3 Ne4 9. Nxe4 Bxe4 10. d5 exd5 11. cxd5 Qb7 12. Nh4 Bxg2 13. Nxg2 Bb4 14. Bd2 Bxd2 15. Qxd2 d6 16. Rac1 Nd7 17. Ne3 Rfe8 18. Rc4 b5 19. Rh4 Re5 20. Rc1 Rc8 21. Qc2 Nf8 22. a4 a6 23. Qc6 Qa7 24. Rc3 Ng6 25. Rb4 Re7 26. axb5 Rb8 27. Ra4 Rb6 28. Rxa6 Rxc6 29. Rxa7 Rb6 30. Rcxc7 Rxc7 31. Rxc7 Rxb5 32. Rc8+ Nf8 33. Nf5 g6 34. Nxd6 Rxd5 35. Nc4 Rb5 36. e3 Rb4 37. Kf1 Kg7 38. Ke2 Ne6 39. Kd2 Ng5 40. h4 Ne4+ 41. Ke2 h5 42. Rc7 Kf6 43. b3 Rxb3 44. Kf3 Nc3 45. Nd6 Nb5 46. Ne4+ Kg7 47. Rd7 Ra3 48. Rb7 Nd4+ 49. Kg2 Nf5 50. Ng5 Nd6 51. Rd7 Ra6 52. e4 Kg8 53. e5 Nc4 54. Nxf7 Kf8 55. Rc7 Nb2 56. Ng5 Nd3 57. e6 Ra2 58. Ne4 Ke8 59. Nf6+ Kd8 60. Rd7+ 1-0

[Event "POL-chT 2nd League"]
[Site "Sypniewo"]
[Date "2021.09.10"]
[Round "7.6"]
[White "Klepek, Witold"]
[Black "Daniel, Damian"]
[Result "1/2-1/2"]
[WhiteElo "2103"]
[BlackElo "2165"]
[PlyCount "91"]
[EventDate "2021.09.04"]
[EventType "team-swiss"]
[EventRounds "9"]
[EventCountry "POL"]
[SourceTitle "CBM 204 Extra"]
[Source "ChessBase"]
[SourceDate "2021.11.30"]
[SourceVersion "1"]
[SourceVersionDate "2021.11.30"]
[SourceQuality "1"]
[WhiteTeam "Gliwice Politechnika Slaska"]
[BlackTeam "Zarow Goniec"]
[WhiteTeamCountry "POL"]
[BlackTeamCountry "POL"]

1. e4 c6 2. Nf3 d5 3. d3 g6 4. e5 Bg4 5. Nbd2 Nd7 6. h3 Bxf3 7. Nxf3 e6 8. d4 Ne7 9. Be2 c5 10. c3 Nc6 11. 0-0 Rc8 12. Be3 cxd4 13. cxd4 Qb6 14. Qd2 Bb4 15. Qd3 Be7 16. Bh6 Bf8 17. Bxf8 Kxf8 18. Rfc1 Kg7 19. a3 Ne7 20. b4 Rxc1+ 21. Rxc1 Rc8 22. Rxc8 Nxc8 23. Qc3 Ne7 24. b5 Qd8 25. g4 Nb6 26. Qc5 Nec8 27. Ne1 Nd7 28. Qc3 Ncb6 29. Qa5 Qc8 30. Nf3 Qc1+ 31. Kg2 Nc8 32. Qd8 Ncb6 33. Qe7 h6 34. g5 h5 35. Bd3 Qc8 36. Qb4 Qc1 37. a4 Qd1 38. a5 Qxd3 39. axb6 Nxb6 40. Qa5 Qc4 41. Qxa7 Qxb5 42. Qxb7 Qb2 43. Qe7 Nc4 44. Qf6+ Kg8 45. Qd8+ Kg7 46. Qf6+ 1/2-1/2

[Event "POL-chT 2nd League"]
[Site "Sypniewo"]
[Date "2021.09.06"]
[Round "3.4"]
[White "Markowski, Damian"]
[Black "Daniel, Damian"]
[Result "1/2-1/2"]
[WhiteElo "2202"]
[BlackElo "2165"]
[PlyCount "146"]
[EventDate "2021.09.04"]
[EventType "team-swiss"]
[EventRounds "9"]
[EventCountry "POL"]
[SourceTitle "CBM 204 Extra"]
[Source "ChessBase"]
[SourceDate "2021.11.30"]
[SourceVersion "1"]
[SourceVersionDate "2021.11.30"]
[SourceQuality "1"]
[WhiteTeam "Warszawa YMCA"]
[BlackTeam "Zarow Goniec"]
[WhiteTeamCountry "POL"]
[BlackTeamCountry "POL"]

1. d4 Nf6 2. Bf4 d6 3. Nc3 Nbd7 4. Nf3 c5 5. d5 Qa5 6. Nd2 b5 7. a3 a6 8. e4 g6 9. Be2 Bg7 10. 0-0 Bb7 11. Bg3 0-0 12. Re1 c4 13. Bf1 Rfe8 14. Nf3 Nh5 15. Qd2 Nxg3 16. hxg3 Rad8 17. Nd4 Nc5 18. Rad1 e6 19. Be2 Qb6 20. Bf3 exd5 21. exd5 Rxe1+ 22. Rxe1 Nd3 23. cxd3 Qxd4 24. Rd1 cxd3 25. Qxd3 Qxd3 26. Rxd3 Rc8 27. Ne4 Be5 28. b3 h6 29. Bd1 f5 30. Nd2 Rc5 31. b4 Rc1 32. Nb3 Rc3 33. Rd2 Kf7 34. f4 Bf6 35. Na5 Ba8 36. a4 Bd8 37. axb5 axb5 38. Be2 Rc1+ 39. Kh2 Bb6 40. Bd1 Bxa5 41. bxa5 Ra1 42. g4 Rxa5 43. gxf5 gxf5 44. Bb3 b4 45. Kg3 Ra3 46. Rd3 Bb7 47. Kf2 Ba6 48. Re3 Bb5 49. Rh3 Ke7 50. Ke1 Ra1+ 51. Kd2 Rg1 52. Rxh6 Rxg2+ 53. Kc1 Rg1+ 54. Kd2 Rg2+ 55. Kc1 Rg3 56. Bc2 Bd3 57. Re6+ Kd7 58. Rf6 Ke7 59. Re6+ Kd7 60. Rf6 Be4 61. Bxe4 fxe4 62. Re6 e3 63. Kb2 Rf3 64. Kb3 e2+ 65. Kxb4 Rxf4+ 66. Kc3 Rf2 67. Kc4 Rh2 68. Kd3 Kc7 69. Rxe2 Rxe2 70. Kxe2 Kb6 71. Kd3 Kc5 72. Kc3 Kxd5 73. Kd3 Ke5 1/2-1/2

[Event "Poronin Tatra Limba op"]
[Site "Poronin"]
[Date "2021.05.26"]
[Round "6"]
[White "Daniel, Damian"]
[Black "Kaliszuk, Kamil"]
[Result "1-0"]
[WhiteElo "2186"]
[BlackElo "1956"]
[PlyCount "157"]
[EventDate "2021.05.22"]
[EventType "swiss"]
[EventRounds "9"]
[EventCountry "POL"]
[SourceTitle "EXT 2022"]
[Source "ChessBase"]
[SourceDate "2021.10.06"]
[SourceVersion "1"]
[SourceVersionDate "2021.10.06"]
[SourceQuality "1"]

1. d4 Nf6 2. c4 c5 3. d5 e6 4. Nc3 exd5 5. cxd5 d6 6. e4 g6 7. h3 Bg7 8. Nf3 0-0 9. Bd3 b5 10. Bxb5 Nxe4 11. Nxe4 Qa5+ 12. Nfd2 Qxb5 13. Nxd6 Qa6 14. N2c4 Nd7 15. 0-0 Ne5 16. Nxc8 Raxc8 17. Nxe5 Bxe5 18. Qf3 Rfd8 19. Rd1 Qd6 20. Rb1 Bd4 21. Bg5 f6 22. Be3 Qxd5 23. Qxd5+ Rxd5 24. Kf1 Rcd8 25. Bxd4 cxd4 26. Ke2 Kf7 27. Kd3 h5 28. Rbc1 R8d7 29. Rd2 h4 30. Re2 Re5 31. Rxe5 fxe5 32. Ke4 Ke6 33. Rc6+ Kf7 34. Kxe5 d3 35. Rc1 Re7+ 36. Kd4 Re2 37. Kxd3 Rxb2 38. Rc2 Rb7 39. Ke4 Kf6 40. Rc6+ Kg5 41. f4+ Kh5 42. Rc5+ Kh6 43. Ra5 Rc7 44. Ra3 Rf7 45. Ra6 Kh5 46. Ra5+ Kh6 47. Kf3 Rc7 48. Kg4 Rc2 49. Kxh4 Rxg2 50. Rxa7 Rg1 51. Ra6 Kg7 52. Ra5 Kh6 53. Rg5 Rf1 54. Kg3 Rg1+ 55. Kf2 Rh1 56. Kg2 Rc1 57. Ra5 Rc4 58. Kg3 Rc3+ 59. Kg4 Rc1 60. Ra7 Rg1+ 61. Kf3 Rf1+ 62. Kg3 Rg1+ 63. Kf2 Rh1 64. Kg2 Rc1 65. a4 Rc3 66. a5 Ra3 67. a6 g5 68. f5 Ra2+ 69. Kf3 Ra3+ 70. Ke4 Ra4+ 71. Ke5 Ra5+ 72. Ke6 Ra3 73. Ra8 Kh7 74. a7 Ra6+ 75. Ke7 g4 76. hxg4 Ra1 77. g5 Ra2 78. g6+ Kg7 79. f6+ 1-0